Learn Spanish day/months - Statistics

General Stats
  • This quiz has been taken 19 times
  • The average score is 16 of 19
Answer Stats
English Spanish / Español % Correct
Monday Lunes
100%
Sunday Domingo
92%
Tuesday Martes
92%
Wednesday Miércoles
92%
Saturday Sábado
92%
February Febrero
85%
Thursday Jueves
85%
July Julio
85%
June Junio
85%
March Marzo
85%
May Mayo
85%
October Octubre
85%
April Abril
77%
August Agosto
77%
January Enero
77%
November Noviembre
77%
Friday Viernes
77%
September Septiembre
69%
December Diciembre
62%
No matching quizzes found
Score Distribution
Percent of People with Each Score
Percentile by Number Answered
Your Score History
You have not taken this quiz